000 00518nam a2200217Ia 4500
003 OSt
005 20220928144026.0
006 a|||||r|||| 00| 0
007 ta
008 220927b |||||||| |||| 00| 0 eng d
024 _a23639
037 _cTextual
040 _aSDCL
_cSDCL
_beng
041 _2eng
_aeng
082 _aO152,3N61x, N3
100 _aSanjay
_9506400
245 0 _aKomrade ka coat.
260 _c1993
942 _hO152,3N61x, N3
_cTEXL
_2CC
999 _c825584
_d825584